| 000 | 00000nam 22000008a 4500 |
| 001 | 9.838947 |
| 003 | CaOODSP |
| 005 | 20221107151510 |
| 007 | cr ||||||||||| |
| 008 | 170804s1983 oncab o| f000 0 eng d |
| 040 | |aCaOODSP|beng |
| 043 | |an-cn-mb |
| 086 | 1 |aR77-33/1983E-PDF |
| 245 | 00|aChildren of today, leaders of tomorrow |h[electronic resource] : |bteaching Indian children in Manitoba. |
| 260 | |a[Ottawa] : |bIndian and Northern Affairs Canada,|c1983. |
| 300 | |a[28] p. : |bill., map. |
| 500 | |aCover title. |
| 500 | |aDigitized edition from print [produced by Indigenous and Northern Affairs Canada]. |
| 692 | 07|2gccst|aTeachers |
| 692 | 07|2gccst|aAboriginal youth |
| 692 | 07|2gccst|aEducation |
| 710 | 1 |aCanada. |bIndian and Northern Affairs Canada. |
| 856 | 40|qPDF|s12.16 MB|uhttps://publications.gc.ca/collections/collection_2017/aanc-inac/R77-33-1983-eng.pdf |